| 000 | 00587nam a2200205Ia 4500 | ||
|---|---|---|---|
| 005 | 20260429111852.0 | ||
| 008 | 260429s9999||||xx |||||||||||||| ||und|| | ||
| 020 | _a9798887154626 | ||
| 041 | _aEnglish | ||
| 082 |
_a338.4791 _bBIR |
||
| 100 | _aBirchfield, Alder | ||
| 245 | 0 |
_aManagement in ecotourism and sustainable development / _cAlder Birchfield |
|
| 250 | _a1st ed. | ||
| 260 |
_aUnited Kingdom : _bOryson Press, _c2025. |
||
| 300 | _aviii, 287 p.; hb | ||
| 650 | _a Environmental management | ||
| 650 | _a Sustainable development | ||
| 650 | _aEcotourism | ||
| 942 | _cTB | ||
| 999 |
_c51211 _d51211 |
||